「帰れま10」のランキングから店名を当てる #9 - Statistics

General Stats
  • This quiz has been taken 106 times
  • The average score is 6 of 10
Answer Stats
答え % Correct
サイゼリヤ
99%
明治
91%
松屋
87%
{味の素}(冷凍食品編)
66%
ピザハット
49%
フレッシュネスバーガー
43%
クリスピークリームドーナツ
39%
洋麺屋 五右衛門
38%
ステーキガスト
33%
夢庵
27%
No matching quizzes found
Score Distribution
Percent of People with Each Score
Percentile by Number Answered
Your Score History
You have not taken this quiz